00492nam a2200205Ia 450000500170000000800460001702000180006303700100008104000080009104000080009904000080010704100080011504100080012308400080013124500510013926000260019026000090021665000120022585600490023720260306150616.0008 260114s9999 xx 000 0 eng d a9783110445053 aEbook aCRL beng cCRL 2eng aeng qCRL 0aEnergy Harvesting for Wireless Sensor Networks bDe Gruyter Oldenbourg c2019 aPhysics uhttps://www.degruyter.com/isbn/9783110445053